| 000 | 00934nam a2200277 i 4500 | ||
|---|---|---|---|
| 003 | IT-RoINE | ||
| 005 | 20190507092447.0 | ||
| 008 | 160708s1992 sp |r|||| 001||dspa|d | ||
| 020 | _a8471005409 | ||
| 040 | _aIT-RoINE | ||
| 100 | 1 |
_aEiras Roel, Antonio, _954688 _d1931- |
|
| 245 | 1 | 4 |
_aLos gallegos y América / _cAntonio Eiras Roel, Ofelia Rey Castelao. |
| 260 |
_aMadrid : _bMAPFRE, _c1992. |
||
| 300 |
_a354 p. ; _c23 cm. |
||
| 336 |
_2rdacontent _atext |
||
| 337 |
_2rdamedia _aunmediated |
||
| 338 |
_2rdacarrier _avolume |
||
| 490 | 1 |
_aColección las Españas y América ; _v11 |
|
| 500 | _aIncluye índices. | ||
| 504 | _aBibliografía: p. [325]-329. | ||
| 650 | 4 |
_aGallegos _zAmérica Latina _xHistoria _959235 |
|
| 651 | 4 |
_aAmérica _xDescubrimiento y exploración españoles _925486 |
|
| 700 | 1 |
_910654 _aRey Castelao, Ofelia, _d1958- |
|
| 830 | 0 |
_959207 _aEspañas y América (MAPFRE) _v11 |
|
| 942 | _cMTS | ||
| 999 |
_c30215 _d30215 |
||